[Event "39th Greek Women's Championship"]
[Site "chess24.com"]
[Date "2017.03.18"]
[Round "8"]
[White "Grapsa, Georgia"]
[Black "Stoumbou, Eleni"]
[Result "1/2-1/2"]
[Board "1"]
[WhiteElo "2049"]
[WhiteTitle "WFM"]
[WhiteCountry "GRE"]
[WhiteFideId "4206436"]
[WhiteEloChange "-5"]
[BlackElo "1843"]
[BlackCountry "GRE"]
[BlackFideId "4210174"]
[BlackEloChange "5"]

1. d4 {[%clk 1:30:57]} d5 {[%clk 1:30:54]} 2. Nf3 {[%clk 1:31:24]} c6 {[%clk
1:31:13]} 3. c4 {[%clk 1:31:50]} e6 {[%clk 1:29:12]} 4. g3 {[%clk 1:32:13]} Nd7
{[%clk 1:29:05]} 5. Bg2 {[%clk 1:32:18]} f5 {[%clk 1:28:50]} 6. O-O {[%clk
1:32:39]} Bd6 {[%clk 1:28:35]} 7. Qc2 {[%clk 1:30:36]} Ngf6 {[%clk 1:28:31]} 8.
cxd5 {[%clk 1:30:59]} cxd5 {[%clk 1:28:28]} 9. Nc3 {[%clk 1:31:22]} O-O {[%clk
1:27:45]} 10. Nb5 {[%clk 1:25:51]} Bb8 {[%clk 1:27:38]} 11. Bf4 {[%clk 1:26:08]}
Bxf4 {[%clk 1:26:15]} 12. gxf4 {[%clk 1:26:34]} Nb6 {[%clk 1:25:53]} 13. Nc7
{[%clk 1:23:45]} Rb8 {[%clk 1:25:11]} 14. a4 {[%clk 1:10:06]} Bd7 {[%clk
1:08:21]} 15. Nb5 {[%clk 1:02:24]} Bxb5 {[%clk 1:04:08]} 16. axb5 {[%clk
1:02:46]} Nc8 {[%clk 0:56:01]} 17. Rfc1 {[%clk 0:59:02]} Qb6 {[%clk 0:55:55]} 18.
e3 {[%clk 0:43:55]} Nd6 {[%clk 0:46:16]} 19. Bf1 {[%clk 0:39:41]} Rfc8 {[%clk
0:43:03]} 20. Qa4 {[%clk 0:40:04]} Rxc1 {[%clk 0:37:50]} 21. Rxc1 {[%clk
0:40:28]} Nfe4 {[%clk 0:37:59]} 22. Ne5 {[%clk 0:38:08]} Rc8 {[%clk 0:36:59]} 23.
Rxc8+ {[%clk 0:37:06]} Nxc8 {[%clk 0:37:20]} 24. f3 {[%clk 0:35:44]} Ned6 {[%clk
0:36:30]} 25. Qc2 {[%clk 0:33:42]} Qd8 {[%clk 0:33:29]} 26. Kh1 {[%clk 0:30:07]}
Qa5 {[%clk 0:32:57]} 27. Qc3 {[%clk 0:25:18]} Qxc3 {[%clk 0:22:14]} 28. bxc3
{[%clk 0:25:43]} Nb6 {[%clk 0:22:31]} 29. Kg2 {[%clk 0:26:04]} Nbc4 {[%clk
0:18:01]} 30. Kf2 {[%clk 0:25:40]} Kf8 {[%clk 0:16:58]} 31. Nxc4 {[%clk 0:23:33]}
dxc4 {[%clk 0:17:05]} 32. Ke1 {[%clk 0:23:49]} Ke7 {[%clk 0:14:05]} 33. Kd2
{[%clk 0:24:00]} Kd7 {[%clk 0:13:23]} 34. Kc2 {[%clk 0:24:11]} Nxb5 {[%clk
0:09:55]} 35. Bxc4 {[%clk 0:21:58]} Na3+ {[%clk 0:05:19]} 36. Kb3 {[%clk
0:21:22]} Nxc4 {[%clk 0:05:44]} 37. Kxc4 {[%clk 0:21:49]} Kc6 {[%clk 0:06:06]}
38. Kb4 {[%clk 0:21:31]} b6 {[%clk 0:04:24]} 39. c4 {[%clk 0:21:27]} g6 {[%clk
0:04:16]} 40. e4 {[%clk 0:51:33]} a6 {[%clk 0:34:09]} 41. d5+ {[%clk 0:43:40]}
exd5 {[%clk 0:30:41]} 42. cxd5+ {[%clk 0:42:39]} Kd6 {[%clk 0:22:33]} 43. Kc4
{[%clk 0:43:03]} b5+ {[%clk 0:22:56]} 44. Kd4 {[%clk 0:36:58]} b4 {[%clk
0:23:07]} 45. e5+ {[%clk 0:37:02]} Kd7 {[%clk 0:21:44]} 46. Kc4 {[%clk 0:27:19]}
1/2-1/2

[Event "39th Greek Women's Championship"]
[Site "chess24.com"]
[Date "2017.03.18"]
[Round "8"]
[White "Kouvatsou, Maria"]
[Black "Lemoni, Maria - Ioanna"]
[Result "0-1"]
[Board "2"]
[WhiteElo "2071"]
[WhiteTitle "WGM"]
[WhiteCountry "GRE"]
[WhiteFideId "4203593"]
[WhiteEloChange "-18"]
[BlackElo "1633"]
[BlackCountry "GRE"]
[BlackFideId "4236424"]
[BlackEloChange "18"]

1. e4 {[%clk 1:30:57]} c5 {[%clk 1:30:53]} 2. c3 {[%clk 1:31:23]} g6 {[%clk
1:31:17]} 3. d4 {[%clk 1:31:37]} cxd4 {[%clk 1:31:41]} 4. cxd4 {[%clk 1:31:19]}
d5 {[%clk 1:32:04]} 5. e5 {[%clk 1:31:10]} Nc6 {[%clk 1:31:32]} 6. Nc3 {[%clk
1:30:59]} Bg7 {[%clk 1:30:48]} 7. h3 {[%clk 1:23:07]} Nh6 {[%clk 1:26:49]} 8. Nf3
{[%clk 1:23:25]} f6 {[%clk 1:11:00]} 9. Bb5 {[%clk 1:15:49]} O-O {[%clk 1:09:58]}
10. O-O {[%clk 1:14:16]} Nf7 {[%clk 1:08:56]} 11. exf6 {[%clk 1:10:47]} exf6
{[%clk 1:08:40]} 12. Re1 {[%clk 1:05:28]} Nd6 {[%clk 0:49:27]} 13. Ba4 {[%clk
1:03:09]} Nf5 {[%clk 0:36:54]} 14. Nxd5 {[%clk 1:00:53]} Kh8 {[%clk 0:37:18]} 15.
Bxc6 {[%clk 0:55:39]} bxc6 {[%clk 0:37:37]} 16. Nc3 {[%clk 0:55:18]} Rb8 {[%clk
0:36:38]} 17. Qa4 {[%clk 0:46:50]} a5 {[%clk 0:23:19]} 18. a3 {[%clk 0:43:22]}
Bd7 {[%clk 0:20:18]} 19. Qc2 {[%clk 0:37:18]} Nd6 {[%clk 0:20:27]} 20. Bf4 {[%clk
0:35:44]} Bf5 {[%clk 0:20:48]} 21. Qc1 {[%clk 0:34:50]} g5 {[%clk 0:18:59]} 22.
Bh2 {[%clk 0:31:22]} Rb7 {[%clk 0:18:36]} 23. Na4 {[%clk 0:29:15]} Rd7 {[%clk
0:14:48]} 24. Nc5 {[%clk 0:24:57]} Re7 {[%clk 0:14:04]} 25. b4 {[%clk 0:18:05]}
axb4 {[%clk 0:09:58]} 26. axb4 {[%clk 0:18:27]} Rxe1+ {[%clk 0:10:19]} 27. Qxe1
{[%clk 0:18:07]} Re8 {[%clk 0:10:43]} 28. Qd1 {[%clk 0:16:03]} Nb5 {[%clk
0:09:51]} 29. Qd2 {[%clk 0:12:50]} Qd5 {[%clk 0:07:22]} 30. Re1 {[%clk 0:10:25]}
Rd8 {[%clk 0:07:44]} 31. Bg3 {[%clk 0:04:49]} Bg6 {[%clk 0:04:41]} 32. Ne6 {[%clk
0:04:44]} Rd7 {[%clk 0:04:12]} 33. Nxg7 {[%clk 0:03:26]} Kxg7 {[%clk 0:04:35]}
34. Re2 {[%clk 0:02:00]} Bh5 {[%clk 0:03:23]} 35. Qe1 {[%clk 0:01:18]} Bxf3
{[%clk 0:02:08]} 36. Re7+ {[%clk 0:01:42]} Rxe7 {[%clk 0:01:14]} 37. Qxe7+ {[%clk
0:02:09]} Qf7 {[%clk 0:01:35]} 38. Qxf7+ {[%clk 0:02:22]} Kxf7 {[%clk 0:01:59]}
39. gxf3 {[%clk 0:02:47]} Nxd4 {[%clk 0:02:24]} 40. Bd6 {[%clk 0:31:01]} Nxf3+
{[%clk 0:32:38]} 41. Kg2 {[%clk 0:30:25]} Nh4+ {[%clk 0:28:35]} 42. Kf1 {[%clk
0:30:25]} Ke6 {[%clk 0:28:52]} 43. Bc5 {[%clk 0:30:23]} Ng6 {[%clk 0:29:06]} 44.
Kg2 {[%clk 0:20:21]} Nf4+ {[%clk 0:24:12]} 45. Kg3 {[%clk 0:19:03]} h5 {[%clk
0:19:23]} 46. h4 {[%clk 0:17:13]} Nd3 {[%clk 0:19:48]} 47. Bf8 {[%clk 0:14:03]}
g4 {[%clk 0:18:31]} 48. f3 {[%clk 0:14:13]} f5 {[%clk 0:18:57]} 49. fxg4 {[%clk
0:14:35]} fxg4 {[%clk 0:19:22]} 50. Kg2 {[%clk 0:14:34]} Kd5 {[%clk 0:19:33]} 51.
Kg3 {[%clk 0:13:59]} Kc4 {[%clk 0:16:08]} 52. Bd6 {[%clk 0:13:18]} Kd5 {[%clk
0:16:10]} 53. Bf8 {[%clk 0:13:16]} Ke6 {[%clk 0:15:25]} 54. Kg2 {[%clk 0:13:20]}
Nf4+ {[%clk 0:15:51]} 55. Kg3 {[%clk 0:12:51]} Nd5 {[%clk 0:16:11]} 56. Bc5
{[%clk 0:12:39]} Kf5 {[%clk 0:15:45]} 57. Kf2 {[%clk 0:08:48]} Ke4 {[%clk
0:15:28]} 58. Bd6 {[%clk 0:06:12]} Ne3 {[%clk 0:15:36]} 59. Be7 {[%clk 0:06:14]}
Nf5 {[%clk 0:15:51]} 60. Bf6 {[%clk 0:05:51]} Kd3 {[%clk 0:15:56]} 61. Bd8 {[%clk
0:03:42]} Ke4 {[%clk 0:14:51]} 62. Bg5 {[%clk 0:03:18]} Kd5 {[%clk 0:13:40]} 63.
Bd8 {[%clk 0:03:28]} Kc4 {[%clk 0:14:05]} 64. Ke2 {[%clk 0:03:16]} Kxb4 {[%clk
0:13:55]} 65. Kd3 {[%clk 0:04:08]} Kc5 {[%clk 0:12:05]} 66. Ke4 {[%clk 0:04:14]}
Nd6+ {[%clk 0:12:31]} 67. Kf4 {[%clk 0:04:10]} Kd5 {[%clk 0:12:10]} 68. Bc7
{[%clk 0:03:42]} c5 {[%clk 0:12:27]} 69. Ba5 {[%clk 0:02:06]} Ne4 {[%clk
0:12:26]} 0-1

[Event "39th Greek Women's Championship"]
[Site "chess24.com"]
[Date "2017.03.18"]
[Round "8"]
[White "Tsolakidou, Stavroula"]
[Black "Makka, Ioulia"]
[Result "1-0"]
[Board "3"]
[WhiteElo "2390"]
[WhiteTitle "WGM"]
[WhiteCountry "GRE"]
[WhiteFideId "4264312"]
[WhiteEloChange "3"]
[BlackElo "2116"]
[BlackTitle "WIM"]
[BlackCountry "GRE"]
[BlackFideId "4205316"]
[BlackEloChange "-3"]

1. e4 {[%clk 1:30:57]} c6 {[%clk 1:30:51]} 2. d4 {[%clk 1:31:19]} d5 {[%clk
1:31:04]} 3. e5 {[%clk 1:31:42]} Bf5 {[%clk 1:31:25]} 4. h4 {[%clk 1:32:03]} Qb6
{[%clk 1:31:33]} 5. h5 {[%clk 1:32:05]} h6 {[%clk 1:31:39]} 6. g4 {[%clk
1:32:11]} Bd7 {[%clk 1:22:27]} 7. c4 {[%clk 1:30:23]} dxc4 {[%clk 1:19:04]} 8.
Bxc4 {[%clk 1:30:24]} e6 {[%clk 1:18:15]} 9. Nc3 {[%clk 1:23:45]} Ne7 {[%clk
1:15:58]} 10. Nge2 {[%clk 1:22:46]} c5 {[%clk 1:03:44]} 11. dxc5 {[%clk 0:45:57]}
Qb4 {[%clk 0:47:34]} 12. Qb3 {[%clk 0:44:52]} Nec6 {[%clk 0:44:11]} 13. Qxb4
{[%clk 0:41:09]} Nxb4 {[%clk 0:44:34]} 14. O-O {[%clk 0:39:12]} Bxc5 {[%clk
0:40:55]} 15. Ne4 {[%clk 0:37:57]} Be7 {[%clk 0:40:55]} 16. f4 {[%clk 0:27:37]}
b5 {[%clk 0:36:16]} 17. Bb3 {[%clk 0:27:51]} Bc6 {[%clk 0:35:46]} 18. N2c3 {[%clk
0:23:57]} Nd3 {[%clk 0:33:06]} 19. Bc2 {[%clk 0:22:31]} Nxc1 {[%clk 0:29:46]} 20.
Raxc1 {[%clk 0:22:57]} O-O {[%clk 0:27:42]} 21. Bd3 {[%clk 0:18:14]} a6 {[%clk
0:27:03]} 22. Ne2 {[%clk 0:15:31]} Bd8 {[%clk 0:25:17]} 23. N4g3 {[%clk 0:14:22]}
Bb6+ {[%clk 0:24:25]} 24. Kh2 {[%clk 0:14:47]} Ra7 {[%clk 0:23:20]} 25. Be4
{[%clk 0:12:19]} Bd7 {[%clk 0:22:54]} 26. Bg2 {[%clk 0:10:22]} b4 {[%clk
0:21:30]} 27. Rfd1 {[%clk 0:07:22]} a5 {[%clk 0:19:07]} 28. Ne4 {[%clk 0:03:47]}
Be3 {[%clk 0:16:21]} 29. Rc2 {[%clk 0:04:15]} f6 {[%clk 0:10:44]} 30. exf6 {[%clk
0:04:14]} gxf6 {[%clk 0:11:11]} 31. Nd6 {[%clk 0:02:43]} Kh8 {[%clk 0:07:56]} 32.
Nc4 {[%clk 0:01:46]} Bc5 {[%clk 0:06:58]} 33. Ne5 {[%clk 0:01:26]} fxe5 {[%clk
0:06:37]} 34. Rxc5 {[%clk 0:01:53]} exf4 {[%clk 0:06:04]} 35. Rf1 {[%clk
0:02:17]} e5 {[%clk 0:02:41]} 36. Rxe5 {[%clk 0:02:41]} Bxg4 {[%clk 0:02:46]} 37.
Nxf4 {[%clk 0:02:18]} Rc8 {[%clk 0:00:55]} 38. Kg3 {[%clk 0:01:21]} Nd7 {[%clk
0:00:42]} 39. Ng6+ {[%clk 0:01:39]} Kg7 {[%clk 0:00:33]} 40. Re7+ {[%clk
0:32:04]} Kg8 {[%clk 0:30:48]} 41. Bd5+ {[%clk 0:32:30]} 1-0

[Event "39th Greek Women's Championship"]
[Site "chess24.com"]
[Date "2017.03.18"]
[Round "8"]
[White "Serefidou, Despina"]
[Black "Pavlidou, Ekaterini"]
[Result "1/2-1/2"]
[Board "4"]
[WhiteElo "1933"]
[WhiteCountry "GRE"]
[WhiteFideId "4218787"]
[WhiteEloChange "6"]
[BlackElo "2166"]
[BlackTitle "WIM"]
[BlackCountry "GRE"]
[BlackFideId "4213262"]
[BlackEloChange "-6"]

1. e4 {[%clk 1:30:56]} c5 {[%clk 1:30:29]} 2. Nf3 {[%clk 1:31:21]} e6 {[%clk
1:30:32]} 3. d4 {[%clk 1:31:44]} cxd4 {[%clk 1:30:38]} 4. Nxd4 {[%clk 1:32:08]}
Nc6 {[%clk 1:30:46]} 5. Nc3 {[%clk 1:31:53]} Qc7 {[%clk 1:30:50]} 6. Nb3 {[%clk
1:31:48]} Nf6 {[%clk 1:25:45]} 7. Bd3 {[%clk 1:31:03]} Be7 {[%clk 1:24:02]} 8. f4
{[%clk 1:29:49]} d6 {[%clk 1:23:52]} 9. O-O {[%clk 1:29:25]} a6 {[%clk 1:22:42]}
10. Be3 {[%clk 1:29:21]} b5 {[%clk 1:18:47]} 11. Qf3 {[%clk 1:27:09]} Bb7 {[%clk
1:16:08]} 12. a4 {[%clk 1:05:44]} b4 {[%clk 1:14:31]} 13. Nb1 {[%clk 1:04:08]} d5
{[%clk 1:00:48]} 14. e5 {[%clk 1:01:28]} Nd7 {[%clk 0:58:31]} 15. Qg3 {[%clk
0:51:41]} g5 {[%clk 0:48:06]} 16. Re1 {[%clk 0:36:07]} gxf4 {[%clk 0:43:54]} 17.
Bxf4 {[%clk 0:36:24]} O-O-O {[%clk 0:41:26]} 18. Qe3 {[%clk 0:32:13]} d4 {[%clk
0:40:47]} 19. Qe2 {[%clk 0:32:15]} Rhg8 {[%clk 0:35:11]} 20. g3 {[%clk 0:27:00]}
Bg5 {[%clk 0:30:27]} 21. Bxg5 {[%clk 0:20:17]} Rxg5 {[%clk 0:30:49]} 22. Bxa6
{[%clk 0:20:25]} Rxe5 {[%clk 0:18:36]} 23. Bxb7+ {[%clk 0:20:42]} Qxb7 {[%clk
0:18:31]} 24. Qf2 {[%clk 0:19:52]} Rf5 {[%clk 0:16:29]} 25. Qe2 {[%clk 0:18:31]}
Re5 {[%clk 0:11:30]} 26. Qf2 {[%clk 0:18:45]} Rxe1+ {[%clk 0:09:03]} 27. Qxe1
{[%clk 0:19:10]} Nde5 {[%clk 0:09:26]} 28. N1d2 {[%clk 0:18:23]} h5 {[%clk
0:07:20]} 29. Na5 {[%clk 0:17:05]} Qa7 {[%clk 0:06:39]} 30. Nxc6 {[%clk 0:17:19]}
Nxc6 {[%clk 0:07:07]} 31. Kh1 {[%clk 0:14:43]} Qb7 {[%clk 0:06:14]} 32. Qe4
{[%clk 0:13:26]} Ne5 {[%clk 0:05:51]} 33. Re1 {[%clk 0:06:20]} Ng4 {[%clk
0:06:10]} 34. Qxb7+ {[%clk 0:06:18]} Kxb7 {[%clk 0:06:36]} 35. Nf3 {[%clk
0:04:56]} d3 {[%clk 0:05:20]} 36. cxd3 {[%clk 0:04:06]} Rxd3 {[%clk 0:05:46]} 37.
Kg2 {[%clk 0:02:17]} Rb3 {[%clk 0:05:14]} 38. Re2 {[%clk 0:02:18]} Ne3+ {[%clk
0:05:23]} 39. Kf2 {[%clk 0:00:43]} Nc4 {[%clk 0:05:48]} 40. Nd2 {[%clk 0:30:40]}
Nxd2 {[%clk 0:35:06]} 41. Rxd2 {[%clk 0:30:44]} Kb6 {[%clk 0:33:50]} 42. Kg2
{[%clk 0:18:17]} Ka5 {[%clk 0:22:12]} 43. Kh3 {[%clk 0:18:40]} Re3 {[%clk
0:20:13]} 44. Kh4 {[%clk 0:16:22]} Kxa4 {[%clk 0:17:42]} 45. Kxh5 {[%clk
0:16:46]} Kb3 {[%clk 0:15:42]} 46. Kg4 {[%clk 0:15:24]} Re4+ {[%clk 0:15:50]} 47.
Kg5 {[%clk 0:15:23]} Re5+ {[%clk 0:15:53]} 48. Kf4 {[%clk 0:14:49]} Rf5+ {[%clk
0:16:12]} 49. Ke4 {[%clk 0:08:30]} Rf1 {[%clk 0:15:37]} 50. h4 {[%clk 0:07:57]}
f5+ {[%clk 0:15:57]} 51. Ke5 {[%clk 0:07:19]} Re1+ {[%clk 0:16:01]} 52. Kf4
{[%clk 0:06:14]} Re4+ {[%clk 0:15:45]} 53. Kf3 {[%clk 0:02:19]} e5 {[%clk
0:15:13]} 54. Re2 {[%clk 0:01:04]} Rd4 {[%clk 0:15:24]} 55. h5 {[%clk 0:00:40]}
f4 {[%clk 0:13:04]} 56. gxf4 {[%clk 0:00:55]} Rxf4+ {[%clk 0:12:55]} 57. Kg3
{[%clk 0:00:59]} Rf8 {[%clk 0:12:16]} 58. Kg4 {[%clk 0:01:06]} Re8 {[%clk
0:07:12]} 59. h6 {[%clk 0:01:13]} Kc4 {[%clk 0:05:48]} 60. Kf5 {[%clk 0:01:04]}
Rf8+ {[%clk 0:06:15]} 61. Kg6 {[%clk 0:00:49]} Kd4 {[%clk 0:06:24]} 62. h7 {[%clk
0:00:47]} Rh8 {[%clk 0:06:32]} 63. Kg7 {[%clk 0:01:01]} Rxh7+ {[%clk 0:06:57]}
64. Kxh7 {[%clk 0:01:28]} e4 {[%clk 0:07:21]} 65. Kg6 {[%clk 0:01:14]} Kd3 {[%clk
0:07:47]} 66. Rh2 {[%clk 0:01:03]} e3 {[%clk 0:08:09]} 67. Kf5 {[%clk 0:00:49]}
b3 {[%clk 0:07:34]} 68. Kf4 {[%clk 0:00:48]} e2 {[%clk 0:07:44]} 69. Rh1 {[%clk
0:00:49]} Kc2 {[%clk 0:05:11]} 70. Ke3 {[%clk 0:01:07]} Kxb2 {[%clk 0:05:38]} 71.
Kxe2 {[%clk 0:01:29]} Kc2 {[%clk 0:05:26]} 72. Rh8 {[%clk 0:01:15]} b2 {[%clk
0:05:53]} 73. Rc8+ {[%clk 0:01:29]} Kb3 {[%clk 0:06:10]} 74. Rb8+ {[%clk
0:01:13]} Kc2 {[%clk 0:06:34]} 1/2-1/2

[Event "39th Greek Women's Championship"]
[Site "chess24.com"]
[Date "2017.03.18"]
[Round "8"]
[White "Makka, Evanthia"]
[Black "Markantonaki, Haritomeni"]
[Result "0-1"]
[Board "5"]
[WhiteElo "2073"]
[WhiteCountry "GRE"]
[WhiteFideId "4207513"]
[WhiteEloChange "-7"]
[BlackElo "2174"]
[BlackTitle "WFM"]
[BlackCountry "GRE"]
[BlackFideId "4207050"]
[BlackEloChange "7"]

1. Nf3 {[%clk 1:30:14]} Nf6 {[%clk 1:30:49]} 2. g3 {[%clk 1:30:21]} d5 {[%clk
1:31:07]} 3. Bg2 {[%clk 1:30:34]} c6 {[%clk 1:31:26]} 4. O-O {[%clk 1:30:56]} Bg4
{[%clk 1:31:29]} 5. d3 {[%clk 1:31:06]} Nbd7 {[%clk 1:31:51]} 6. h3 {[%clk
1:30:50]} Bh5 {[%clk 1:32:11]} 7. c4 {[%clk 1:30:45]} dxc4 {[%clk 1:30:28]} 8.
dxc4 {[%clk 1:30:54]} e5 {[%clk 1:30:24]} 9. Nc3 {[%clk 1:18:03]} Qc7 {[%clk
1:27:02]} 10. Nh4 {[%clk 1:12:00]} Bg6 {[%clk 1:17:32]} 11. Nxg6 {[%clk 1:10:15]}
hxg6 {[%clk 1:17:59]} 12. Qc2 {[%clk 1:10:20]} Be7 {[%clk 1:16:51]} 13. a3 {[%clk
1:08:17]} a5 {[%clk 1:15:46]} 14. Be3 {[%clk 1:01:49]} O-O {[%clk 1:14:41]} 15.
Na4 {[%clk 0:56:29]} Nh7 {[%clk 1:07:10]} 16. Rfd1 {[%clk 0:38:24]} Rad8 {[%clk
1:01:48]} 17. Rd3 {[%clk 0:15:10]} Bg5 {[%clk 0:56:12]} 18. Qd2 {[%clk 0:11:48]}
Bxe3 {[%clk 0:51:32]} 19. Qxe3 {[%clk 0:12:12]} f5 {[%clk 0:47:29]} 20. Rad1
{[%clk 0:11:08]} e4 {[%clk 0:47:14]} 21. Rd6 {[%clk 0:10:19]} Ne5 {[%clk
0:45:37]} 22. c5 {[%clk 0:08:23]} Nf6 {[%clk 0:41:52]} 23. Nb6 {[%clk 0:06:22]}
Kh7 {[%clk 0:33:55]} 24. Qc3 {[%clk 0:00:50]} Nf7 {[%clk 0:32:50]} 25. R6d2
{[%clk 0:01:00]} Rxd2 {[%clk 0:29:42]} 26. Rxd2 {[%clk 0:01:26]} f4 {[%clk
0:23:30]} 27. g4 {[%clk 0:00:35]} Re8 {[%clk 0:23:15]} 28. e3 {[%clk 0:00:37]} f3
{[%clk 0:21:50]} 29. Bf1 {[%clk 0:01:04]} Ne5 {[%clk 0:15:09]} 30. Rd6 {[%clk
0:00:58]} Qe7 {[%clk 0:14:01]} 31. Qd4 {[%clk 0:00:41]} Nf7 {[%clk 0:13:06]} 32.
Bc4 {[%clk 0:00:37]} Nxd6 {[%clk 0:12:44]} 33. cxd6 {[%clk 0:01:01]} Qd8 {[%clk
0:12:59]} 34. Bf7 {[%clk 0:01:04]} Rf8 {[%clk 0:08:36]} 35. Be6 {[%clk 0:01:28]}
Nd5 {[%clk 0:07:50]} 36. Nxd5 {[%clk 0:01:42]} cxd5 {[%clk 0:08:19]} 37. Qxd5
{[%clk 0:01:46]} Kh6 {[%clk 0:03:43]} 38. Qe5 {[%clk 0:01:34]} Qh4 {[%clk
0:03:06]} 39. Qg3 {[%clk 0:01:26]} Qxg3+ {[%clk 0:02:37]} 40. fxg3 {[%clk
0:31:51]} Rd8 {[%clk 0:32:15]} 41. Bd5 {[%clk 0:16:15]} Rxd6 {[%clk 0:32:07]} 42.
Bxe4 {[%clk 0:16:35]} Rd1+ {[%clk 0:30:51]} 43. Kf2 {[%clk 0:16:42]} Rd2+ {[%clk
0:31:16]} 44. Kxf3 {[%clk 0:16:43]} Rxb2 {[%clk 0:31:42]} 45. a4 {[%clk 0:15:38]}
b5 {[%clk 0:28:01]} 46. axb5 {[%clk 0:15:06]} a4 {[%clk 0:28:03]} 47. h4 {[%clk
0:13:27]} a3 {[%clk 0:24:38]} 48. g5+ {[%clk 0:13:13]} Kh7 {[%clk 0:24:58]} 49.
Bd5 {[%clk 0:12:55]} Rxb5 {[%clk 0:25:08]} 50. Bc4 {[%clk 0:12:09]} Rb2 {[%clk
0:24:55]} 0-1

[Event "39th Greek Women's Championship"]
[Site "chess24.com"]
[Date "2017.03.19"]
[Round "9"]
[White "Markantonaki, Haritomeni"]
[Black "Grapsa, Georgia"]
[Result "1/2-1/2"]
[Board "1"]
[WhiteElo "2174"]
[WhiteTitle "WFM"]
[WhiteCountry "GRE"]
[WhiteFideId "4207050"]
[WhiteEloChange "-3"]
[BlackElo "2049"]
[BlackTitle "WFM"]
[BlackCountry "GRE"]
[BlackFideId "4206436"]
[BlackEloChange "3"]

1. e4 {[%clk 1:30:55]} c5 {[%clk 1:30:57]} 2. Nf3 {[%clk 1:31:14]} d6 {[%clk
1:31:23]} 3. d4 {[%clk 1:31:35]} Nf6 {[%clk 1:31:50]} 4. Nc3 {[%clk 1:31:46]}
cxd4 {[%clk 1:32:17]} 5. Nxd4 {[%clk 1:32:10]} a6 {[%clk 1:32:38]} 6. Nb3 {[%clk
1:32:19]} e5 {[%clk 1:32:49]} 7. Bg5 {[%clk 1:32:31]} Be6 {[%clk 1:32:59]} 8. Qd2
{[%clk 1:30:17]} Nbd7 {[%clk 1:33:22]} 9. f3 {[%clk 1:28:19]} h6 {[%clk 1:33:43]}
10. Be3 {[%clk 1:27:13]} Rc8 {[%clk 1:34:00]} 11. g4 {[%clk 1:22:49]} Nb6 {[%clk
1:23:42]} 12. Qf2 {[%clk 1:12:16]} Nfd7 {[%clk 1:23:33]} 13. O-O-O {[%clk
1:08:39]} Be7 {[%clk 1:23:41]} 14. h4 {[%clk 1:05:37]} Qc7 {[%clk 1:22:53]} 15.
Nd5 {[%clk 1:00:09]} Bxd5 {[%clk 1:19:39]} 16. exd5 {[%clk 1:00:34]} Na4 {[%clk
1:16:49]} 17. Rh2 {[%clk 0:47:44]} Ndb6 {[%clk 1:06:52]} 18. f4 {[%clk 0:37:26]}
exf4 {[%clk 1:06:38]} 19. Qxf4 {[%clk 0:37:15]} Bxh4 {[%clk 0:51:03]} 20. Qe4+
{[%clk 0:27:25]} Qe7 {[%clk 0:43:22]} 21. Qxe7+ {[%clk 0:27:36]} Bxe7 {[%clk
0:43:47]} 22. g5 {[%clk 0:28:02]} Nc4 {[%clk 0:39:59]} 23. Bxc4 {[%clk 0:27:29]}
Rxc4 {[%clk 0:40:24]} 24. gxh6 {[%clk 0:25:51]} Bf6 {[%clk 0:30:36]} 25. Nd4
{[%clk 0:24:21]} Rc5 {[%clk 0:17:54]} 26. hxg7 {[%clk 0:06:52]} Bxg7 {[%clk
0:18:16]} 27. Rxh8+ {[%clk 0:06:40]} Bxh8 {[%clk 0:18:42]} 28. Rh1 {[%clk
0:05:40]} Bxd4 {[%clk 0:17:26]} 29. Bxd4 {[%clk 0:06:08]} Rxd5 {[%clk 0:17:51]}
30. c3 {[%clk 0:06:11]} Nc5 {[%clk 0:17:12]} 31. Rh8+ {[%clk 0:05:14]} Kd7 {[%clk
0:17:36]} 32. Bxc5 {[%clk 0:04:30]} dxc5 {[%clk 0:17:33]} 33. Rf8 {[%clk
0:02:47]} Ke7 {[%clk 0:15:13]} 34. Rb8 {[%clk 0:02:54]} b5 {[%clk 0:15:27]} 35.
a4 {[%clk 0:01:36]} bxa4 {[%clk 0:13:43]} 36. Ra8 {[%clk 0:01:50]} Ke6 {[%clk
0:11:45]} 37. Rxa6+ {[%clk 0:02:12]} Ke5 {[%clk 0:12:11]} 38. Rxa4 {[%clk
0:02:25]} f5 {[%clk 0:12:38]} 39. Ra8 {[%clk 0:02:03]} f4 {[%clk 0:12:13]} 40.
Re8+ {[%clk 0:31:50]} Kf5 {[%clk 0:42:39]} 41. b4 {[%clk 0:24:43]} cxb4 {[%clk
0:41:45]} 42. cxb4 {[%clk 0:23:33]} f3 {[%clk 0:36:48]} 43. Kc2 {[%clk 0:13:13]}
Kf4 {[%clk 0:34:42]} 44. Rf8+ {[%clk 0:13:14]} Ke3 {[%clk 0:28:12]} 45. Re8+
{[%clk 0:13:15]} Kf2 {[%clk 0:27:45]} 46. Kc3 {[%clk 0:12:32]} Kf1 {[%clk
0:27:36]} 47. Rf8 {[%clk 0:09:05]} f2 {[%clk 0:27:44]} 48. Kc4 {[%clk 0:09:31]}
Rd2 {[%clk 0:26:05]} 49. b5 {[%clk 0:09:28]} 1/2-1/2